000 00290nam a22001337a 4500
008 170714b xxu||||| |||| 00| 0 eng d
020 _a9780262562195
041 _aeng
080 _a17
100 _a24
101 _aFJA
245 _aA THEORY OF GENERAL ETHICS
_cFOX,W
942 _2udc
_cBK
999 _c20734
_d20734